| 000 | 01015nam0a22002891 4500 | ||
|---|---|---|---|
| 001 | rc\4165360 | ||
| 005 | 20250611114812.0 | ||
| 021 |
_aRU _b[52-30339] |
||
| 035 | _a(NLR Aleph) 008179299 | ||
| 090 |
_a7904933 _c7904933 |
||
| 100 | _a20130415d1952 |||y0rusy50 ca | ||
| 101 | 0 | _arus | |
| 102 | _aRU | ||
| 105 | _aa z ||||| | ||
| 200 | 1 |
_aАтлас диффузных газовых туманностей _fАкад. наук СССР. Крымск. астрофиз. обсерватория |
|
| 210 |
_aМосква _cБ. и. _d1952 |
||
| 215 |
_aVII с., 42 л. ил. _d24х33 |
||
| 300 | _aНа переплете авт. не указаны | ||
| 320 | _aБиблиогр.: с. VII (14 назв.) | ||
| 606 |
_aТуманности газовые _xАтласы _2psbo |
||
| 700 | 1 |
_aШайн _bГ.А. _f1892-1956 _gГригорий Абрамович |
|
| 701 | 1 |
_aГазе _bВ.Ф. |
|
| 801 | 0 |
_aRU _bNLR _gpsbo |
|
| 801 | 1 |
_aRU _bELAR _2rusmarc |
|
| 852 |
_aNLR _jА02 Г-9/4 |
||
| 942 | _cBOOK | ||
| 980 | _aNB | ||